| 000 | 00494nam a2200169 i 4500 | ||
|---|---|---|---|
| 001 | 95692 | ||
| 003 | ES-MaACL | ||
| 005 | 20230906181745.0 | ||
| 007 | t| | ||
| 008 | 050602s1961 sp ||||1| spa d | ||
| 100 | 1 |
_aLloyd, Roger. _972954 |
|
| 245 | 1 | 0 |
_aCartas de la iglesia primitiva / _cRoger Lloyd; traducción de R. Castelltort Illa. |
| 260 |
_aBarcelona : _bZeus, _c1961. |
||
| 300 |
_a277 p. ; _c19 cm. |
||
| 700 | 1 |
_aCastelltort Illa, R. _936604 |
|
| 852 |
_aES-MaACL _jC-21665 _bR.50280 |
||
| 999 |
_c95692 _d95692 |
||